000 01305nam0a2200325 4500
001 RU\NLR\bibl\483111
005 20260406073316.0
010 _a5-94004-188-4
_93000
021 _aRU
_b2003-66934
_93299
035 _a(NLR Aleph) 000475884
090 _a1022913
_c1022913
100 _a20040123d2003 |||y0rusy50 ca
101 0 _arus
102 _aRU
105 _aa |||||||||
200 1 _aВсе об аллергии у взрослых и детей
_eРаспознавание, лечение, профилактика
_fВ.Д. Казьмин
210 _aРостов н/Д
_cБАРО-ПРЕСС
_d2003
215 _a185,[1] с.
_cил.
_d20
606 0 _aАллергические болезни
_9937319
_3RU\NLR\auth\6627568
606 0 _aАллергические болезни у детей
_9942176
_3RU\NLR\auth\6630139
606 0 _aАллергические болезни детей
_92085104
_3RU\NLR\auth\661261214
686 _aР41,2
686 _aР733.41,2
700 1 _4070
_8rus
_7ca
_aКазьмин
_bВ. Д.
_f1938-
_cканд. мед. наук
_gВиктор Дмитриевич
_3RU\NLR\auth\7731420
_914430
801 0 _aRU
_bNLR
_c20040123
_gPSBO
801 1 _aRU
_bNLR
_c20040123
830 _aАвт. по кн.
942 _cBOOK
980 _aNB